History Quiz

Random History or Artist Quiz

Find the Matisse Paintings Quiz Stats

 Plays Quiz not verified by Sporcle

Score 0/12 Timer 04:00
0 Plays Today
% Correct
Dance
95.5%
Woman with a Hat
94.4%
The Young Sailor II
93.4%
The Yellow Curtain
92.8%
The Conversation
91.4%
The Open Window
78.6%
The Dessert: Harmony in Red
74.5%
The Painter and His Model
74.3%
Luxe, Calme et Volupté
72.6%
Zorah on the Terrace
63.7%
Window at Tangier
56.9%
View of Notre-Dame
54.4%

You're not logged in!

Compare scores with friends on all Sporcle quizzes.
OR
Log In

Show Comments

Extras

Top Quizzes Today


Score Distribution

Your Account Isn't Verified!

In order to create a playlist on Sporcle, you need to verify the email address you used during registration. Go to your Sporcle Settings to finish the process.

Report this User

Report this user for behavior that violates our Community Guidelines.

Details: